[Event "Verona-chT Serie A2/3 51st"]
[Site "Verona"]
[Date "2019.03.16"]
[Round "2.2"]
[White "Tonon, Alessandro"]
[Black "Tamai, Roberto"]
[Result "1/2-1/2"]
[WhiteElo "2174"]
[BlackElo "2188"]
[PlyCount "55"]
[EventDate "2019.03.15"]
[EventType "team-tourn"]
[EventRounds "5"]
[EventCountry "ITA"]
[SourceTitle "EXT 2022"]
[Source "ChessBase"]
[SourceDate "2021.10.06"]
[SourceVersion "1"]
[SourceVersionDate "2021.10.06"]
[SourceQuality "1"]
[WhiteTeam "Udine DLF"]
[BlackTeam "Maniago"]
[WhiteTeamCountry "ITA"]
[BlackTeamCountry "ITA"]

1. d4 Nf6 2. c4 e6 3. g3 d5 4. Nf3 c6 5. Bg2 Nbd7 6. Nbd2 Be7 7. 0-0 b6 8. b3 Bb7 9. Bb2 0-0 10. Qc2 Qc7 11. Rac1 Rac8 12. Rfe1 Rfe8 13. Ne5 c5 14. cxd5 exd5 15. Bh3 Rcd8 16. Ndf3 Bd6 17. Bxd7 Nxd7 18. Nxf7 Kxf7 19. Ng5+ Kf8 20. Qxh7 Nf6 21. Qh8+ Ng8 22. dxc5 Be5 23. cxb6 Qxb6 24. Ba3+ Bd6 25. Nh7+ Kf7 26. Ng5+ Kf8 27. Nh7+ Kf7 28. Ng5+ 1/2-1/2

[Event "Verona-chT Serie A2/3 51st"]
[Site "Verona"]
[Date "2019.03.15"]
[Round "1.2"]
[White "Willis, Daniel"]
[Black "Tonon, Alessandro"]
[Result "1/2-1/2"]
[WhiteElo "1760"]
[BlackElo "2174"]
[PlyCount "105"]
[EventDate "2019.03.15"]
[EventType "team-tourn"]
[EventRounds "5"]
[EventCountry "ITA"]
[SourceTitle "EXT 2022"]
[Source "ChessBase"]
[SourceDate "2021.10.06"]
[SourceVersion "1"]
[SourceVersionDate "2021.10.06"]
[SourceQuality "1"]
[WhiteTeam "Udine CUS"]
[BlackTeam "Udine DLF"]
[WhiteTeamCountry "ITA"]
[BlackTeamCountry "ITA"]

1. d4 Nf6 2. c4 e6 3. Nc3 Bb4 4. a3 Bxc3+ 5. bxc3 c5 6. Nf3 0-0 7. e3 Nc6 8. Bd3 d6 9. 0-0 e5 10. Be2 Re8 11. Re1 Bf5 12. Bf1 Qa5 13. Bb2 Rad8 14. Nh4 Bd7 15. Qb3 Ne7 16. e4 Ba4 17. Qa2 Qb6 18. Bc1 Qc7 19. d5 h6 20. Qe2 Bd7 21. h3 g5 22. Nf3 Nh7 23. Nh2 Qc8 24. Rb1 b6 25. Rd1 Ng6 26. Rd3 Nf4 27. Bxf4 exf4 28. g3 f5 29. gxf4 Rxe4 30. Qh5 Rxf4 31. Qg6+ Kh8 32. Qxd6 Re8 33. Qxh6 Qd8 34. Re3 Rxe3 35. fxe3 Rh4 36. Qd6 Qe8 37. Re1 Kg7 38. Nf3 Re4 39. Kf2 Re7 40. Qc7 g4 41. Nd2 Re5 42. hxg4 fxg4 43. Bg2 g3+ 44. Kg1 Nf6 45. Nf3 Rxe3 46. Qxg3+ Kf8 47. Rxe3 Qxe3+ 48. Qf2 Qxc3 49. Bf1 Ne4 50. Qe2 Bf5 51. Qd3 Qg7+ 52. Bg2 Qg3 53. Qf1 1/2-1/2

[Event "Nova Gorica op-A 18th"]
[Site "Nova Gorica"]
[Date "2013.01.27"]
[Round "4"]
[White "Ivsek, Cveto"]
[Black "Tonon, Alessandro"]
[Result "0-1"]
[WhiteElo "1836"]
[BlackElo "2260"]
[PlyCount "92"]
[EventDate "2013.01.25"]
[EventType "swiss"]
[EventRounds "9"]
[EventCountry "SLO"]
[SourceTitle "CBM 152 Extra"]
[Source "ChessBase"]
[SourceDate "2013.02.25"]
[SourceVersion "1"]
[SourceVersionDate "2013.02.25"]
[SourceQuality "1"]

1. d4 Nf6 2. c4 e6 3. e3 b6 4. Nf3 Bb7 5. Be2 d5 6. 0-0 Bd6 7. h3 Nbd7 8. Nc3 a6 9. Bd2 0-0 10. Rc1 c5 11. cxd5 exd5 12. b3 Re8 13. Bd3 Ne4 14. Qe2 Qf6 15. Na4 c4 16. Bb1 b5 17. Nc3 Nb6 18. Nxe4 dxe4 19. Nh2 Bd5 20. b4 Na4 21. Qh5 Qe6 22. a3 a5 23. f4 g6 24. Qg5 f6 25. Qh4 f5 26. g4 Qe7 27. Qh6 Qf8 28. Qxf8+ Rxf8 29. gxf5 gxf5 30. Kf2 Kf7 31. Rg1 Rg8 32. Ba2 Nb2 33. Bb1 Rac8 34. Rxg8 Rxg8 35. Nf1 Be7 36. Ng3 Bh4 37. Rg1 axb4 38. Bxb4 Nd3+ 39. Bxd3 cxd3 40. Rg2 Bb3 41. Be1 Bd1 42. Rg1 Ke6 43. Bb4 Bf3 44. Bd2 Kd5 45. Be1 Kc4 46. Kf1 Rxg3 0-1

[Event "Forni di Sopra op 3rd"]
[Site "Forni di Sopra"]
[Date "2012.06.16"]
[Round "1"]
[White "Tonon, Alessandro"]
[Black "Chiarion, Elisa"]
[Result "1-0"]
[WhiteElo "2275"]
[BlackElo "2012"]
[PlyCount "59"]
[EventDate "2012.06.16"]
[EventType "swiss"]
[EventRounds "9"]
[EventCountry "ITA"]
[SourceTitle "CBM 149 Extra"]
[Source "ChessBase"]
[SourceDate "2012.08.24"]
[SourceVersion "1"]
[SourceVersionDate "2012.08.24"]
[SourceQuality "1"]

1. d4 Nf6 2. Nf3 g6 3. c4 c5 4. d5 b5 5. cxb5 a6 6. b6 d6 7. e4 Bg7 8. Nc3 Qxb6 9. Be2 Bd7 10. e5 Ng4 11. exd6 exd6 12. Nd2 h5 13. h3 Nh6 14. Nc4 Qc7 15. Bf4 Bf8 16. 0-0 Bf5 17. g4 hxg4 18. hxg4 g5 19. Bg3 Bg6 20. Re1 Be7 21. Bf3 0-0 22. Qd2 Rd8 23. Re2 Kg7 24. Rae1 Ng8 25. Be4 Bf6 26. Bxg6 Bxc3 27. Qxc3+ Kxg6 28. Qd3+ Kg7 29. Qf5 f6 30. Re6 1-0

[Event "Nova Gorica op-A 17th"]
[Site "Nova Gorica"]
[Date "2012.01.31"]
[Round "7"]
[White "Zupancic, Jernej"]
[Black "Tonon, Alessandro"]
[Result "0-1"]
[WhiteElo "2160"]
[BlackElo "2235"]
[PlyCount "82"]
[EventDate "2012.01.27"]
[EventType "swiss"]
[EventRounds "9"]
[EventCountry "SLO"]
[SourceTitle "CBM 146 Extra"]
[Source "ChessBase"]
[SourceDate "2012.02.29"]
[SourceVersion "1"]
[SourceVersionDate "2012.02.29"]
[SourceQuality "1"]

1. e4 c5 2. Nf3 e6 3. d4 cxd4 4. Nxd4 a6 5. Be3 Qc7 6. Bd3 Nf6 7. 0-0 d6 8. c4 Nbd7 9. Nc3 Be7 10. Rc1 0-0 11. f3 b6 12. b4 Ne5 13. Be2 Ng6 14. Nb3 Qb8 15. a3 Rd8 16. Qe1 d5 17. cxd5 Bd6 18. g3 exd5 19. Qf2 dxe4 20. Bxb6 Re8 21. Nxe4 Nxe4 22. fxe4 Bh3 23. Rfd1 Re6 24. Bd4 Ne5 25. Nc5 Rf6 26. Qe3 Rg6 27. Rc3 Nc6 28. Nxa6 Qe8 29. Bb5 Rc8 30. Rdc1 Bd7 31. Nc5 Bxc5 32. Rxc5 Re6 33. e5 Rb8 34. Bb2 Nxe5 35. Bxe5 Rxb5 36. Rxb5 Bxb5 37. Rc5 f6 38. Qc3 Bd7 39. Bd4 Re1+ 40. Kg2 Qe4+ 41. Qf3 Re2+ 0-1

[Event "Nova Gorica op-A 17th"]
[Site "Nova Gorica"]
[Date "2012.01.27"]
[Round "1"]
[White "Stolfa, Rodolfo"]
[Black "Tonon, Alessandro"]
[Result "0-1"]
[WhiteElo "1803"]
[BlackElo "2235"]
[PlyCount "48"]
[EventDate "2012.01.27"]
[EventType "swiss"]
[EventRounds "9"]
[EventCountry "SLO"]
[SourceTitle "CBM 146 Extra"]
[Source "ChessBase"]
[SourceDate "2012.02.29"]
[SourceVersion "1"]
[SourceVersionDate "2012.02.29"]
[SourceQuality "1"]

1. d4 Nf6 2. c4 e6 3. Nf3 b6 4. e3 Bb7 5. Bd3 d5 6. cxd5 exd5 7. 0-0 Bd6 8. Nc3 Nbd7 9. Nb5 Be7 10. Bd2 a6 11. Nc3 Bd6 12. Re1 Ne4 13. Qc2 Qe7 14. Bc1 f5 15. Bf1 0-0 16. g3 Ndf6 17. Nxe4 fxe4 18. Nh4 Ng4 19. Re2 Nxh2 20. Kxh2 Qxh4+ 21. Kg1 Qh5 22. a3 Rf6 23. Bd2 Rh6 24. Bg2 Qxe2 0-1

[Event "Forni di Sopra op 1st"]
[Site "Forni di Sopra"]
[Date "2011.06.16"]
[Round "6"]
[White "Tonon, Alessandro"]
[Black "Bernardi, Ruben"]
[Result "1/2-1/2"]
[WhiteElo "2242"]
[BlackElo "2162"]
[PlyCount "49"]
[EventDate "2011.06.12"]
[EventType "swiss"]
[EventRounds "9"]
[EventCountry "ITA"]
[SourceTitle "CBM 142 Extra"]
[Source "ChessBase"]
[SourceDate "2011.06.27"]
[SourceVersion "1"]
[SourceVersionDate "2011.06.27"]
[SourceQuality "1"]

1. d4 d5 2. Nf3 Nf6 3. e3 c6 4. Bd3 Bg4 5. b3 e6 6. Bb2 Nbd7 7. Nbd2 Bd6 8. c4 0-0 9. 0-0 e5 10. cxd5 cxd5 11. dxe5 Bxe5 12. Qb1 Bxb2 13. Qxb2 Nc5 14. Be2 Qe7 15. Nd4 Bxe2 16. Nxe2 Rfe8 17. Nf3 Rad8 18. Rad1 h6 19. Ng3 g6 20. Ne2 Nce4 21. Nc3 Rd7 22. Rd3 Nxc3 23. Qxc3 Rc7 24. Qd2 Rec8 25. Nd4 1/2-1/2

[Event "Forni di Sopra op 1st"]
[Site "Forni di Sopra"]
[Date "2011.06.15"]
[Round "5"]
[White "Gutierrez Castillo, Paloma"]
[Black "Tonon, Alessandro"]
[Result "1/2-1/2"]
[WhiteElo "2090"]
[BlackElo "2242"]
[PlyCount "101"]
[EventDate "2011.06.12"]
[EventType "swiss"]
[EventRounds "9"]
[EventCountry "ITA"]
[SourceTitle "CBM 142 Extra"]
[Source "ChessBase"]
[SourceDate "2011.06.27"]
[SourceVersion "1"]
[SourceVersionDate "2011.06.27"]
[SourceQuality "1"]

1. e4 c5 2. Nf3 e6 3. g3 Nc6 4. Bg2 d6 5. 0-0 Bd7 6. c3 Nf6 7. Re1 Be7 8. d4 cxd4 9. cxd4 d5 10. exd5 Nxd5 11. Nc3 0-0 12. Nxd5 exd5 13. Qb3 Be6 14. Bf4 Qb6 15. Qxb6 axb6 16. a3 Ra4 17. Rad1 b5 18. Bf1 b4 19. Bb5 Raa8 20. a4 Bg4 21. Kg2 Bf6 22. Bxc6 bxc6 23. b3 Rfe8 24. Rxe8+ Rxe8 25. h3 Bf5 26. Rc1 Be4 27. Be3 Re6 28. g4 Bh4 29. a5 Bd8 30. a6 Bb6 31. Kg3 Bd3 32. Ne5 Bb5 33. Ra1 Re7 34. Nf3 Ra7 35. Bd2 Bc7+ 36. Kg2 Bd6 37. Ne5 Rxa6 38. Rxa6 Bxa6 39. Nxc6 Bb5 40. Nxb4 Bxb4 41. Bxb4 f6 42. Kf3 Bd3 43. Bc5 Kf7 44. Kf4 g5+ 45. Kg3 Bc2 46. b4 Ba4 47. h4 h6 48. Bd6 Bd7 49. f3 Bb5 50. h5 Bc4 51. Kf2 1/2-1/2

[Event "Udine Oro Caffe op 3rd"]
[Site "Udine"]
[Date "2010.07.07"]
[Round "3"]
[White "Tonon, Alessandro"]
[Black "Visintin, Roberto"]
[Result "1-0"]
[WhiteElo "2274"]
[BlackElo "2031"]
[PlyCount "155"]
[EventDate "2010.07.05"]
[EventType "swiss"]
[EventRounds "7"]
[EventCountry "ITA"]
[SourceTitle "EXT 2024"]
[Source "ChessBase"]
[SourceDate "2023.10.10"]
[SourceVersion "1"]
[SourceVersionDate "2023.10.10"]
[SourceQuality "1"]

1. d4 d5 2. Nf3 Bf5 3. Bf4 e6 4. e3 Bd6 5. Bg3 Nd7 6. Nbd2 Qe7 7. c4 Ngf6 8. Qb3 Rb8 9. Rc1 c6 10. Be2 Ne4 11. Nxe4 Bxe4 12. 0-0 Bxg3 13. hxg3 0-0 14. Nd2 Bg6 15. Qa4 a6 16. Qa5 Nf6 17. Rfd1 Ne4 18. Qb6 f5 19. b4 Qd8 20. Qxd8 Rfxd8 21. Nb3 Bf7 22. Na5 Be8 23. Bd3 Nd6 24. c5 Nf7 25. Rb1 Bd7 26. Rd2 b5 27. cxb6 Rxb6 28. a3 e5 29. Rc1 exd4 30. exd4 Nd6 31. Rdc2 Nb5 32. Nxc6 Bxc6 33. Rxc6 Rxc6 34. Rxc6 Nxd4 35. Rxa6 Rc8 36. b5 Rc3 37. b6 Rb3 38. a4 Kf7 39. Ra7+ Ke6 40. b7 Kd6 41. Ba6 Nc6 42. Ra8 Rb1+ 43. Kh2 Rb6 44. a5 Rb3 45. Rc8 d4 46. Kg1 Rb1+ 47. Kh2 g6 48. Rh8 d3 49. Bxd3 Rxb7 50. a6 Ra7 51. Kh3 Nb4 52. Be2 Nxa6 53. Bxa6 Rxa6 54. Rxh7 Ke6 55. g4 fxg4+ 56. Kxg4 Kf6 57. Rb7 Rc6 58. Rb5 Ra6 59. f3 Rc6 60. f4 Ra6 61. g3 Rc6 62. Kh4 Rc4 63. Rb6+ Kg7 64. Kh3 Rc2 65. Kh4 Rc4 66. Kg4 Ra4 67. Rb7+ Kf6 68. Rb8 Rc4 69. Rb6+ Kg7 70. Re6 Kf7 71. Re5 Kf6 72. Kf3 Rc3+ 73. Re3 Rxe3+ 74. Kxe3 g5 75. Ke4 gxf4 76. Kxf4 Kg6 77. Kg4 Kf7 78. Kf5 1-0

[Event "Trieste op 11th"]
[Site "Trieste"]
[Date "2009.09.03"]
[Round "6"]
[White "Khenkin, Igor"]
[Black "Tonon, Alessandro"]
[Result "1/2-1/2"]
[WhiteElo "2634"]
[BlackElo "2248"]
[PlyCount "94"]
[EventDate "2009.08.30"]
[EventType "swiss"]
[EventRounds "9"]
[EventCountry "ITA"]
[SourceTitle "CBM 132 Extra"]
[Source "ChessBase"]
[SourceDate "2009.11.03"]
[SourceVersion "1"]
[SourceVersionDate "2009.11.03"]
[SourceQuality "1"]

1. d4 Nf6 2. c4 e6 3. Nc3 Bb4 4. f3 d5 5. a3 Bxc3+ 6. bxc3 c5 7. cxd5 Nxd5 8. dxc5 f5 9. Qc2 Nd7 10. e4 fxe4 11. fxe4 N5f6 12. Nf3 Qa5 13. e5 Ng4 14. Qb3 0-0 15. Qb4 Qxc5 16. Qxc5 Nxc5 17. Bc4 Rf5 18. 0-0 Nxe5 19. Nxe5 Rxe5 20. Bf4 Re4 21. Bd6 Bd7 22. Ba2 b6 23. Bxc5 bxc5 24. Rad1 Bb5 25. Rfe1 Rxe1+ 26. Rxe1 Kf8 27. Bxe6 Re8 28. Kf2 a6 29. g4 Rd8 30. c4 Bd7 31. Bd5 Bxg4 32. Kg3 Bf5 33. Rf1 g6 34. Be4 Kg7 35. Bxf5 gxf5 36. Rxf5 Rd3+ 37. Kg4 Rd4+ 38. Rf4 Rxf4+ 39. Kxf4 Kf6 40. Ke4 Ke6 41. Kf4 Kf6 42. h3 h6 43. Ke4 Ke6 44. a4 a5 45. Kf4 Kf6 46. h4 h5 47. Ke4 Ke6 1/2-1/2

[Event "Udine Oro Caffe op 2nd"]
[Site "Udine"]
[Date "2009.07.06"]
[Round "1"]
[White "Tonon, Alessandro"]
[Black "Bisaro, Andrea"]
[Result "1-0"]
[WhiteElo "2248"]
[BlackElo "1702"]
[PlyCount "76"]
[EventDate "2009.07.06"]
[EventType "swiss"]
[EventRounds "7"]
[EventCountry "ITA"]
[SourceTitle "EXT 2011"]
[Source "ChessBase"]
[SourceDate "2010.11.26"]
[SourceVersion "1"]
[SourceVersionDate "2010.11.26"]
[SourceQuality "1"]

1. d4 Nf6 2. c4 c5 3. Nf3 cxd4 4. Nxd4 Nc6 5. Nc3 g6 6. g3 Bg7 7. Bg2 Qb6 8. Nc2 0-0 9. 0-0 d6 10. b3 Bd7 11. h3 Nh5 12. Nd5 Qc5 13. Be3 Qa5 14. Bd2 Qc5 15. Rc1 e6 16. Nf4 Nxf4 17. Bxf4 e5 18. Be3 Nd4 19. Qd2 Rae8 20. Rfd1 Qc8 21. Kh2 Re6 22. Nxd4 exd4 23. Bxd4 Bxd4 24. Qxd4 Rxe2 25. Rd2 Ree8 26. Qxd6 Bc6 27. Bxc6 bxc6 28. Rcc2 Re1 29. Qd7 Qa8 30. Rd1 Ree8 31. Qd6 Qc8 32. Qd3 Qe6 33. Kg2 h5 34. h4 Qg4 35. Qf3 Qe6 36. Rcd2 Qc8 37. Rd6 Re2 38. Rxc6 Qb7 1-0

[Event "Udine Oro Caffe op 1st"]
[Site "Udine"]
[Date "2008.07.09"]
[Round "5"]
[White "Capaliku, Aleks"]
[Black "Tonon, Alessandro"]
[Result "1/2-1/2"]
[WhiteElo "2114"]
[BlackElo "2227"]
[PlyCount "39"]
[EventDate "2008.07.05"]
[EventType "swiss"]
[EventRounds "6"]
[EventCountry "ITA"]
[SourceTitle "EXT 2010"]
[Source "ChessBase"]
[SourceDate "2010.11.25"]
[SourceVersion "1"]
[SourceVersionDate "2010.11.25"]
[SourceQuality "1"]

1. d4 Nf6 2. c4 e6 3. Nc3 d5 4. Bg5 Be7 5. e3 h6 6. Bh4 b6 7. Nf3 Bb7 8. h3 Nbd7 9. Rc1 0-0 10. Bd3 dxc4 11. Bxc4 c5 12. 0-0 Rc8 13. b3 a6 14. a4 cxd4 15. exd4 Nd5 16. Nxd5 exd5 17. Bxe7 Qxe7 18. Qe2 Qxe2 19. Bxe2 Rxc1 20. Rxc1 1/2-1/2

[Event "Nova Gorica op-A 13th"]
[Site "Nova Gorica"]
[Date "2008.01.30"]
[Round "7"]
[White "Tonon, Alessandro"]
[Black "Srebrnic, Marko"]
[Result "1/2-1/2"]
[WhiteElo "2198"]
[BlackElo "2321"]
[PlyCount "87"]
[EventDate "2008.01.26"]
[EventType "swiss"]
[EventRounds "9"]
[EventCountry "SLO"]
[SourceTitle "CBM 122 Extra"]
[Source "ChessBase"]
[SourceDate "2008.03.04"]
[SourceVersion "1"]
[SourceVersionDate "2008.03.04"]
[SourceQuality "1"]

1. d4 Nf6 2. c4 g6 3. Nc3 Bg7 4. e4 d6 5. f4 0-0 6. Nf3 c5 7. dxc5 Qa5 8. Bd3 Qxc5 9. Qe2 Na6 10. a3 Qc7 11. 0-0 Nc5 12. Bc2 Be6 13. f5 Bd7 14. Rb1 a5 15. Bg5 e6 16. b4 axb4 17. axb4 Na4 18. Bxa4 Bxa4 19. fxe6 fxe6 20. e5 dxe5 21. Bxf6 Bxf6 22. Ne4 Bc6 23. Nxf6+ Rxf6 24. Nxe5 Rxf1+ 25. Rxf1 Qd6 26. b5 Qd4+ 27. Kh1 Be4 28. Nf3 Qd3 29. Qxd3 Bxd3 30. Rc1 Ra2 31. Ne5 Be4 32. Nf3 Rb2 33. Re1 Bxf3 34. gxf3 Rc2 35. Rxe6 Rxc4 36. Re7 Rf4 37. Rxb7 Rxf3 38. b6 Rb3 39. Kg2 g5 40. h3 h5 41. Kh2 Kh8 42. Kg2 Kg8 43. Kh2 g4 44. hxg4 1/2-1/2

[Event "Nova Gorica op-A 13th"]
[Site "Nova Gorica"]
[Date "2008.01.29"]
[Round "6"]
[White "Markus, Robert"]
[Black "Tonon, Alessandro"]
[Result "1-0"]
[WhiteElo "2575"]
[BlackElo "2198"]
[PlyCount "47"]
[EventDate "2008.01.26"]
[EventType "swiss"]
[EventRounds "9"]
[EventCountry "SLO"]
[SourceTitle "CBM 122 Extra"]
[Source "ChessBase"]
[SourceDate "2008.03.04"]
[SourceVersion "1"]
[SourceVersionDate "2008.03.04"]
[SourceQuality "1"]

1. Nf3 Nf6 2. c4 c5 3. d4 cxd4 4. Nxd4 Nc6 5. g3 e6 6. Bg2 Qb6 7. Nf3 Bc5 8. 0-0 Ne4 9. e3 0-0 10. Qd3 f5 11. Nc3 Nb4 12. Qe2 Nxc3 13. bxc3 Nc6 14. e4 Ne7 15. Ne5 fxe4 16. Bxe4 Nf5 17. a4 Qa5 18. Nd3 Be7 19. Ba3 Qxc3 20. Rfc1 Qf6 21. Bxf5 Bxa3 22. Bxh7+ Kxh7 23. Rxa3 b6 24. Qe4+ 1-0

[Event "Nova Gorica op-A 13th"]
[Site "Nova Gorica"]
[Date "2008.01.28"]
[Round "4"]
[White "Tonon, Alessandro"]
[Black "Peredy, Ferenc"]
[Result "1-0"]
[WhiteElo "2198"]
[BlackElo "2261"]
[PlyCount "41"]
[EventDate "2008.01.26"]
[EventType "swiss"]
[EventRounds "9"]
[EventCountry "SLO"]
[SourceTitle "CBM 122 Extra"]
[Source "ChessBase"]
[SourceDate "2008.03.04"]
[SourceVersion "1"]
[SourceVersionDate "2008.03.04"]
[SourceQuality "1"]

1. d4 d5 2. c4 Nc6 3. Nc3 dxc4 4. Nf3 Nf6 5. e3 Bg4 6. Qa4 Bxf3 7. gxf3 a6 8. Qxc4 e5 9. dxe5 Nxe5 10. Qe2 Nd5 11. Bd2 Nb4 12. 0-0-0 Qf6 13. f4 Ned3+ 14. Kb1 0-0-0 15. Bc1 Be7 16. a3 Nxc1 17. Rxc1 Qg6+ 18. f5 Qc6 19. Bh3 Bf6 20. axb4 Bxc3 21. bxc3 1-0

[Event "Trieste op 09th"]
[Site "Trieste"]
[Date "2007.09.08"]
[Round "9"]
[White "Tonon, Alessandro"]
[Black "Mazi, Leon"]
[Result "1/2-1/2"]
[WhiteElo "2186"]
[BlackElo "2352"]
[PlyCount "86"]
[EventDate "2007.09.01"]
[EventType "swiss"]
[EventRounds "9"]
[EventCountry "ITA"]
[SourceTitle "CBM 120 Extra"]
[Source "ChessBase"]
[SourceDate "2007.11.01"]
[SourceVersion "1"]
[SourceVersionDate "2007.11.01"]
[SourceQuality "1"]

1. d4 Nf6 2. c4 d6 3. Nc3 e5 4. Nf3 Nbd7 5. e4 g6 6. Be2 Bg7 7. 0-0 0-0 8. Re1 c6 9. Bf1 exd4 10. Nxd4 Nc5 11. f3 Nfd7 12. Be3 Re8 13. Qd2 a5 14. b3 Ne5 15. Rad1 Qe7 16. Nc2 Bf8 17. Bg5 Qc7 18. Ne3 Qb8 19. Bh4 Qa7 20. Kh1 h5 21. h3 Ne6 22. Nc2 Nc5 23. Nd4 Qb6 24. f4 Ned7 25. Rb1 Bg7 26. Bf2 Qd8 27. Bd3 Nxd3 28. Qxd3 Qf6 29. Nde2 Nc5 30. Qf3 Qe7 31. Nd4 Bd7 32. Rbd1 Rad8 33. Re2 Bc8 34. Rde1 Qf6 35. Kh2 a4 36. Nxa4 Nxa4 37. bxa4 Bh6 38. f5 Qe5+ 39. Kh1 Qf4 40. Qd3 Bd7 41. Bg3 Qg5 42. Bf2 Qf4 43. Bg3 Qg5 1/2-1/2

[Event "Trieste op 09th"]
[Site "Trieste"]
[Date "2007.09.02"]
[Round "2"]
[White "Milazzo, Mario"]
[Black "Tonon, Alessandro"]
[Result "0-1"]
[WhiteElo "1971"]
[BlackElo "2186"]
[PlyCount "32"]
[EventDate "2007.09.01"]
[EventType "swiss"]
[EventRounds "9"]
[EventCountry "ITA"]
[SourceTitle "CBM 120 Extra"]
[Source "ChessBase"]
[SourceDate "2007.11.01"]
[SourceVersion "1"]
[SourceVersionDate "2007.11.01"]
[SourceQuality "1"]

1. e4 c5 2. d4 cxd4 3. c3 dxc3 4. Nxc3 Nc6 5. Nf3 d6 6. Bc4 e6 7. 0-0 Nf6 8. Qe2 Be7 9. Rd1 Qc7 10. Bf4 a6 11. Rac1 0-0 12. e5 Nh5 13. Bg5 dxe5 14. Bxe7 Nf4 15. Qe3 Qxe7 16. Nxe5 Qg5 0-1

[Event "Trieste op 09th"]
[Site "Trieste"]
[Date "2007.09.02"]
[Round "3"]
[White "Tonon, Alessandro"]
[Black "Drazic, Sinisa"]
[Result "0-1"]
[WhiteElo "2186"]
[BlackElo "2480"]
[PlyCount "70"]
[EventDate "2007.09.01"]
[EventType "swiss"]
[EventRounds "9"]
[EventCountry "ITA"]
[SourceTitle "CBM 120 Extra"]
[Source "ChessBase"]
[SourceDate "2007.11.01"]
[SourceVersion "1"]
[SourceVersionDate "2007.11.01"]
[SourceQuality "1"]

1. d4 Nf6 2. c4 g6 3. Nc3 d5 4. Nf3 Bg7 5. e3 0-0 6. cxd5 Nxd5 7. Bc4 Nxc3 8. bxc3 c5 9. 0-0 Qc7 10. Qe2 Nc6 11. Rd1 b6 12. Bb2 Bg4 13. Rac1 Rad8 14. h3 Bc8 15. e4 Na5 16. Bd3 e5 17. Bb1 f6 18. Ba3 Be6 19. d5 Bd7 20. Bd3 Nb7 21. Nd2 Bh6 22. Rc2 Ba4 23. Nb3 Nd6 24. c4 f5 25. exf5 e4 26. fxg6 exd3 27. Qe6+ Kh8 28. Rxd3 Rde8 29. Bb2+ Bg7 30. Bxg7+ Kxg7 31. Qg4 Re1+ 32. Kh2 hxg6 33. Rg3 Rf6 34. Rf3 Ne4+ 35. g3 Bd7 0-1